00247nam a22001097a 4500020001500000082000800015100002300023245004500046250001100091260002600102300000900128 a0582414547 a330 aAlan Griffith (ed) aApplied economics an introductory course a8th ed aLondonbLongmanc1984 a762p